Maps on positive definite matrices preserving Bregman and Jensen divergences

Elmentve itt :
Bibliográfiai részletek
Szerzők: Molnár Lajos
Pitrik József
Virosztek Dániel
Dokumentumtípus: Cikk
Megjelent: 2016
Sorozat:LINEAR ALGEBRA AND ITS APPLICATIONS 495
Tárgyszavak:
doi:10.1016/j.laa.2016.01.010

mtmt:3012222
Online Access:http://publicatio.bibl.u-szeged.hu/37396
LEADER 00829nab a2200229 i 4500
001 publ37396
005 20250806152205.0
008 250806s2016 hu o 000 eng d
022 |a 0024-3795 
024 7 |a 10.1016/j.laa.2016.01.010  |2 doi 
024 7 |a 3012222  |2 mtmt 
040 |a SZTE Publicatio Repozitórium  |b hun 
041 |a eng 
100 1 |a Molnár Lajos 
245 1 0 |a Maps on positive definite matrices preserving Bregman and Jensen divergences  |h [elektronikus dokumentum] /  |c  Molnár Lajos 
260 |c 2016 
300 |a 174-189 
490 0 |a LINEAR ALGEBRA AND ITS APPLICATIONS  |v 495 
650 4 |a Matematika 
700 0 1 |a Pitrik József  |e aut 
700 0 1 |a Virosztek Dániel  |e aut 
856 4 0 |u http://publicatio.bibl.u-szeged.hu/37396/1/MapsonpositivedefinitematricespreservingBregmanandJensendivergences.pdf  |z Dokumentum-elérés